000
00246nam a2200097Ia 4500
001
1133911
005
20250827005118.0
008
250824s9999 xx 000 0 und d
245
0
_a
CAM KIRIKLARI
_c
ERDAL ÇAKICIOĞLU
260
_b
AKVARYUM YAYINLARI
999
_c
1133911
_d
1133911